[Event "DEM U14 2023"]
[Site "Willingen GER"]
[Date "2023.05.28"]
[Round "2"]
[White "Türel, Tugrul"]
[Black "Ermitsch, Magnus"]
[Result "1/2-1/2"]
[Termination "normal"]
[Board "1"]
[BlackTitle "FM"]
[WhiteElo "1855"]
[BlackElo "2275"]
[WhiteClock "00:15:26"]
[BlackClock "00:27:45"]
[PlyCount "114"]
[WhiteFideId "26338408"]
[BlackFideId "16234464"]
[EventCountry "GER"]
[EventRounds "9"]
[EventType "swiss"]
[EventDate "2023.05.27"]

1. e4 {[%clk 01:30:56]} {[%emt 00:00:03]} c5 {[%clk 01:30:57]} {[%emt
00:00:04]} 2. Nf3 {[%clk 01:31:21]} {[%emt 00:00:05]} e6 {[%clk 01:31:23]}
{[%emt 00:00:03]} 3. c4 {[%clk 01:31:46]} {[%emt 00:00:05]} Nc6 {[%clk
01:31:48]} {[%emt 00:00:05]} 4. Nc3 {[%clk 01:32:10]} {[%emt 00:00:07]} Nd4
{[%clk 01:32:14]} {[%emt 00:00:04]} 5. Ne2 {[%clk 01:32:33]} {[%emt 00:00:06]}
Nxf3+ {[%clk 01:30:09]} {[%emt 00:02:35]} 6. gxf3 {[%clk 01:32:57]} {[%emt
00:00:06]} d5 {[%clk 01:27:48]} {[%emt 00:02:51]} 7. cxd5 {[%clk 01:24:37]}
{[%emt 00:08:50]} exd5 {[%clk 01:28:11]} {[%emt 00:00:07]} 8. d4 {[%clk
01:24:59]} {[%emt 00:00:08]} dxe4 {[%clk 01:25:48]} {[%emt 00:02:53]} 9. fxe4
{[%clk 01:25:21]} {[%emt 00:00:08]} cxd4 {[%clk 01:21:38]} {[%emt 00:04:41]}
10. Qxd4 {[%clk 01:25:35]} {[%emt 00:00:15]} Qxd4 {[%clk 01:07:24]} {[%emt
00:14:44]} 11. Nxd4 {[%clk 01:25:55]} {[%emt 00:00:09]} Bb4+ {[%clk 01:03:21]}
{[%emt 00:04:34]} 12. Bd2 {[%clk 01:26:08]} {[%emt 00:00:17]} Bxd2+ {[%clk
01:03:39]} {[%emt 00:00:13]} 13. Kxd2 {[%clk 01:26:34]} {[%emt 00:00:03]} Nf6
{[%clk 01:01:35]} {[%emt 00:02:34]} 14. f3 {[%clk 01:21:59]} {[%emt 00:05:05]}
O-O {[%clk 01:00:33]} {[%emt 00:01:31]} 15. Rc1 {[%clk 01:16:08]} {[%emt
00:06:21]} Bd7 {[%clk 00:58:18]} {[%emt 00:02:46]} 16. Rc7 {[%clk 01:14:54]}
{[%emt 00:01:44]} Rad8 {[%clk 00:57:43]} {[%emt 00:01:05]} 17. Ke3 {[%clk
01:12:41]} {[%emt 00:02:42]} Bc8 {[%clk 00:42:54]} {[%emt 00:15:20]} 18. Bb5
{[%clk 01:03:56]} {[%emt 00:09:15]} Ne8 {[%clk 00:35:48]} {[%emt 00:07:36]} 19.
Bxe8 {[%clk 00:58:57]} {[%emt 00:05:30]} Rfxe8 {[%clk 00:36:16]} {[%emt
00:00:01]} 20. Rhc1 {[%clk 00:58:54]} {[%emt 00:00:32]} f5 {[%clk 00:30:02]}
{[%emt 00:06:45]} 21. R1c5 {[%clk 00:34:16]} {[%emt 00:25:08]} g6 {[%clk
00:27:14]} {[%emt 00:03:19]} 22. a3 {[%clk 00:27:03]} {[%emt 00:07:43]} b6
{[%clk 00:18:31]} {[%emt 00:09:12]} 23. R5c6 {[%clk 00:16:36]} {[%emt
00:10:57]} fxe4 {[%clk 00:18:08]} {[%emt 00:00:53]} 24. f4 {[%clk 00:16:53]}
{[%emt 00:00:12]} Bg4 {[%clk 00:09:20]} {[%emt 00:09:19]} 25. Rxa7 {[%clk
00:16:51]} {[%emt 00:00:32]} Rxd4 {[%clk 00:09:10]} {[%emt 00:00:40]} 26. Kxd4
{[%clk 00:17:07]} {[%emt 00:00:14]} e3 {[%clk 00:09:36]} {[%emt 00:00:04]} 27.
Rc1 {[%clk 00:09:24]} {[%emt 00:08:13]} e2 {[%clk 00:08:04]} {[%emt 00:02:02]}
28. Re1 {[%clk 00:09:50]} {[%emt 00:00:03]} Rd8+ {[%clk 00:07:38]} {[%emt
00:00:57]} 29. Ke3 {[%clk 00:10:15]} {[%emt 00:00:05]} Rd1 {[%clk 00:07:57]}
{[%emt 00:00:10]} 30. Kf2 {[%clk 00:06:33]} {[%emt 00:04:14]} Rd4 {[%clk
00:08:13]} {[%emt 00:00:14]} 31. Kg3 {[%clk 00:06:34]} {[%emt 00:00:28]} Rd1
{[%clk 00:08:36]} {[%emt 00:00:06]} 32. Kf2 {[%clk 00:06:40]} {[%emt 00:00:24]}
Rd4 {[%clk 00:09:02]} {[%emt 00:00:06]} 33. Ke3 {[%clk 00:03:02]} {[%emt
00:04:07]} Rd1 {[%clk 00:09:23]} {[%emt 00:00:09]} 34. Rxe2 {[%clk 00:03:16]}
{[%emt 00:00:16]} Bxe2 {[%clk 00:09:48]} {[%emt 00:00:05]} 35. Kxe2 {[%clk
00:03:43]} {[%emt 00:00:03]} Rh1 {[%clk 00:08:42]} {[%emt 00:01:36]} 36. b4
{[%clk 00:04:08]} {[%emt 00:00:05]} Rxh2+ {[%clk 00:09:07]} {[%emt 00:00:05]}
37. Kf3 {[%clk 00:04:33]} {[%emt 00:00:05]} b5 {[%clk 00:06:45]} {[%emt
00:02:52]} 38. Ke4 {[%clk 00:03:06]} {[%emt 00:01:57]} Rh5 {[%clk 00:02:29]}
{[%emt 00:04:45]} 39. Rc7 {[%clk 00:02:01]} {[%emt 00:01:36]} Kf8 {[%clk
00:01:24]} {[%emt 00:01:35]} 40. Kd4 {[%clk 00:01:15]} {[%emt 00:01:17]} Rf5
{[%clk 00:01:08]} {[%emt 00:00:45]} 41. Rxh7 {[%clk 00:28:16]} {[%emt
00:03:29]} Rxf4+ {[%clk 00:31:31]} {[%emt 00:00:07]} 42. Kc5 {[%clk 00:28:24]}
{[%emt 00:00:21]} Rf5+ {[%clk 00:31:20]} {[%emt 00:00:42]} 43. Kb6 {[%clk
00:28:39]} {[%emt 00:00:15]} g5 {[%clk 00:30:24]} {[%emt 00:01:25]} 44. Rc7
{[%clk 00:16:33]} {[%emt 00:12:37]} g4 {[%clk 00:30:37]} {[%emt 00:00:17]} 45.
Rc2 {[%clk 00:16:56]} {[%emt 00:00:06]} Kf7 {[%clk 00:24:19]} {[%emt 00:06:48]}
46. Rg2 {[%clk 00:14:22]} {[%emt 00:03:04]} Rg5 {[%clk 00:24:43]} {[%emt
00:00:06]} 47. Ka5 {[%clk 00:14:46]} {[%emt 00:00:06]} Kf6 {[%clk 00:24:21]}
{[%emt 00:00:52]} 48. a4 {[%clk 00:13:32]} {[%emt 00:01:44]} bxa4+ {[%clk
00:24:45]} {[%emt 00:00:06]} 49. Kxa4 {[%clk 00:13:59]} {[%emt 00:00:03]} Kf5
{[%clk 00:25:05]} {[%emt 00:00:11]} 50. b5 {[%clk 00:14:22]} {[%emt 00:00:06]}
Kf4 {[%clk 00:25:32]} {[%emt 00:00:03]} 51. b6 {[%clk 00:14:44]} {[%emt
00:00:09]} Kf3 {[%clk 00:25:46]} {[%emt 00:00:15]} 52. Rb2 {[%clk 00:14:00]}
{[%emt 00:01:14]} g3 {[%clk 00:26:02]} {[%emt 00:00:15]} 53. b7 {[%clk
00:13:58]} {[%emt 00:00:32]} Rg8 {[%clk 00:26:27]} {[%emt 00:00:05]} 54. b8=Q
{[%clk 00:14:18]} {[%emt 00:00:10]} Rxb8 {[%clk 00:26:52]} {[%emt 00:00:05]}
55. Rxb8 {[%clk 00:14:42]} {[%emt 00:00:05]} g2 {[%clk 00:27:18]} {[%emt
00:00:04]} 56. Rg8 {[%clk 00:15:01]} {[%emt 00:00:11]} Kf2 {[%clk 00:27:45]}
{[%emt 00:00:04]} 57. Rxg2+ {[%clk 00:15:26]} {[%emt 00:00:05]} Kxg2 {[%emt
00:00:26]} 1/2-1/2

[Event "DEM U14 2023"]
[Site "Willingen GER"]
[Date "2023.05.28"]
[Round "2"]
[White "Burkart, Lloyd Shang"]
[Black "Malinowsky, Levi"]
[Result "1/2-1/2"]
[Termination "normal"]
[Board "2"]
[WhiteElo "1956"]
[BlackElo "2173"]
[WhiteClock "00:01:58"]
[BlackClock "00:03:30"]
[PlyCount "117"]
[WhiteFideId "16239059"]
[BlackFideId "16253094"]
[EventCountry "GER"]
[EventRounds "9"]
[EventType "swiss"]
[EventDate "2023.05.27"]

1. d4 {[%clk 01:30:58]} {[%emt 00:00:01]} Nf6 {[%clk 01:30:53]} {[%emt
00:00:07]} 2. Nf3 {[%clk 01:31:24]} {[%emt 00:00:04]} g6 {[%clk 01:31:01]}
{[%emt 00:00:23]} 3. c4 {[%clk 01:31:39]} {[%emt 00:00:15]} Bg7 {[%clk
01:31:26]} {[%emt 00:00:04]} 4. Nc3 {[%clk 01:32:04]} {[%emt 00:00:06]} d5
{[%clk 01:31:51]} {[%emt 00:00:05]} 5. cxd5 {[%clk 01:32:20]} {[%emt 00:00:13]}
Nxd5 {[%clk 01:32:00]} {[%emt 00:00:22]} 6. Na4 {[%clk 01:32:37]} {[%emt
00:00:14]} Nf6 {[%clk 01:12:00]} {[%emt 00:20:30]} 7. e3 {[%clk 01:32:20]}
{[%emt 00:00:46]} O-O {[%clk 01:10:08]} {[%emt 00:02:23]} 8. Bd3 {[%clk
01:27:41]} {[%emt 00:05:09]} Nbd7 {[%clk 01:08:15]} {[%emt 00:02:23]} 9. O-O
{[%clk 01:27:43]} {[%emt 00:00:27]} c6 {[%clk 01:06:58]} {[%emt 00:01:47]} 10.
b3 {[%clk 01:23:58]} {[%emt 00:04:15]} Qc7 {[%clk 01:01:18]} {[%emt 00:06:10]}
11. Bb2 {[%clk 01:22:16]} {[%emt 00:02:11]} Re8 {[%clk 00:52:37]} {[%emt
00:09:12]} 12. Rc1 {[%clk 01:19:11]} {[%emt 00:03:34]} e5 {[%clk 00:44:50]}
{[%emt 00:08:18]} 13. Bc4 {[%clk 01:02:31]} {[%emt 00:17:10]} exd4 {[%clk
00:33:54]} {[%emt 00:11:25]} 14. Bxd4 {[%clk 01:01:16]} {[%emt 00:01:45]} Nf8
{[%clk 00:32:51]} {[%emt 00:01:34]} 15. Qe2 {[%clk 00:52:53]} {[%emt 00:08:52]}
Ne6 {[%clk 00:28:21]} {[%emt 00:05:01]} 16. Bb2 {[%clk 00:45:34]} {[%emt
00:07:49]} Qe7 {[%clk 00:25:19]} {[%emt 00:03:31]} 17. Nc3 {[%clk 00:41:27]}
{[%emt 00:04:37]} Nc7 {[%clk 00:23:36]} {[%emt 00:02:13]} 18. Rfd1 {[%clk
00:39:54]} {[%emt 00:02:03]} Be6 {[%clk 00:20:16]} {[%emt 00:03:51]} 19. Nd4
{[%clk 00:31:20]} {[%emt 00:09:03]} Bxc4 {[%clk 00:19:54]} {[%emt 00:00:53]}
20. Qxc4 {[%clk 00:31:36]} {[%emt 00:00:14]} Ncd5 {[%clk 00:18:56]} {[%emt
00:01:27]} 21. Nf3 {[%clk 00:23:45]} {[%emt 00:08:21]} Rad8 {[%clk 00:17:58]}
{[%emt 00:01:29]} 22. h3 {[%clk 00:22:09]} {[%emt 00:02:05]} Nxc3 {[%clk
00:14:52]} {[%emt 00:03:37]} 23. Qxc3 {[%clk 00:20:17]} {[%emt 00:02:21]} Nh5
{[%clk 00:12:59]} {[%emt 00:02:24]} 24. Qc2 {[%clk 00:20:12]} {[%emt 00:00:34]}
Bxb2 {[%clk 00:13:22]} {[%emt 00:00:07]} 25. Qxb2 {[%clk 00:20:37]} {[%emt
00:00:05]} Ng7 {[%clk 00:11:22]} {[%emt 00:02:30]} 26. Qc2 {[%clk 00:16:26]}
{[%emt 00:04:41]} Ne6 {[%clk 00:10:04]} {[%emt 00:01:48]} 27. Kf1 {[%clk
00:14:48]} {[%emt 00:02:09]} Qf6 {[%clk 00:08:37]} {[%emt 00:01:56]} 28. Rxd8
{[%clk 00:10:56]} {[%emt 00:04:22]} Rxd8 {[%clk 00:08:59]} {[%emt 00:00:08]}
29. Rd1 {[%clk 00:11:15]} {[%emt 00:00:11]} Kf8 {[%clk 00:08:18]} {[%emt
00:01:12]} 30. Rxd8+ {[%clk 00:10:05]} {[%emt 00:01:40]} Qxd8 {[%clk 00:08:42]}
{[%emt 00:00:06]} 31. Ke2 {[%clk 00:09:50]} {[%emt 00:00:44]} Qd6 {[%clk
00:06:58]} {[%emt 00:02:13]} 32. Qc3 {[%clk 00:06:54]} {[%emt 00:03:26]} Ke7
{[%clk 00:06:26]} {[%emt 00:01:03]} 33. Qd3 {[%clk 00:04:35]} {[%emt 00:02:49]}
f6 {[%clk 00:05:45]} {[%emt 00:01:11]} 34. Qxd6+ {[%clk 00:04:15]} {[%emt
00:00:50]} Kxd6 {[%clk 00:06:09]} {[%emt 00:00:06]} 35. Kd3 {[%clk 00:04:22]}
{[%emt 00:00:23]} Kd5 {[%clk 00:05:28]} {[%emt 00:01:11]} 36. Nd2 {[%clk
00:02:50]} {[%emt 00:02:01]} Nc5+ {[%clk 00:03:56]} {[%emt 00:02:03]} 37. Ke2
{[%clk 00:01:52]} {[%emt 00:01:28]} b5 {[%clk 00:02:34]} {[%emt 00:01:53]} 38.
f3 {[%clk 00:01:16]} {[%emt 00:01:05]} a5 {[%clk 00:02:29]} {[%emt 00:00:35]}
39. g4 {[%clk 00:00:38]} {[%emt 00:01:09]} Na6 {[%clk 00:00:55]} {[%emt
00:02:03]} 40. h4 {[%clk 00:00:33]} {[%emt 00:00:36]} Nb4 {[%clk 00:00:57]}
{[%emt 00:00:28]} 41. a3 {[%clk 00:28:50]} {[%emt 00:02:13]} Na6 {[%clk
00:27:54]} {[%emt 00:03:33]} 42. Nb1 {[%clk 00:26:47]} {[%emt 00:02:35]} Nc5
{[%clk 00:26:01]} {[%emt 00:02:20]} 43. Nd2 {[%clk 00:23:34]} {[%emt 00:03:43]}
a4 {[%clk 00:24:17]} {[%emt 00:02:14]} 44. b4 {[%clk 00:18:05]} {[%emt
00:05:59]} Nd7 {[%clk 00:22:56]} {[%emt 00:01:50]} 45. Kd3 {[%clk 00:17:23]}
{[%emt 00:01:12]} Ne5+ {[%clk 00:18:53]} {[%emt 00:04:34]} 46. Kc3 {[%clk
00:16:33]} {[%emt 00:01:20]} h5 {[%clk 00:17:27]} {[%emt 00:01:56]} 47. gxh5
{[%clk 00:14:37]} {[%emt 00:02:26]} gxh5 {[%clk 00:17:53]} {[%emt 00:00:04]}
48. Ne4 {[%clk 00:09:46]} {[%emt 00:05:21]} Ke6 {[%clk 00:16:22]} {[%emt
00:02:01]} 49. Ng3 {[%clk 00:07:45]} {[%emt 00:02:31]} Nxf3 {[%clk 00:16:10]}
{[%emt 00:00:42]} 50. Nxh5 {[%clk 00:08:11]} {[%emt 00:00:04]} Nxh4 {[%clk
00:16:30]} {[%emt 00:00:10]} 51. Kd4 {[%clk 00:06:32]} {[%emt 00:02:08]} Nf3+
{[%clk 00:15:37]} {[%emt 00:01:23]} 52. Kc5 {[%clk 00:03:37]} {[%emt 00:03:27]}
Ne5 {[%clk 00:15:58]} {[%emt 00:00:08]} 53. Ng7+ {[%clk 00:02:38]} {[%emt
00:01:29]} Kd7 {[%clk 00:13:59]} {[%emt 00:02:29]} 54. Nh5 {[%clk 00:02:10]}
{[%emt 00:00:59]} f5 {[%clk 00:11:53]} {[%emt 00:02:34]} 55. Ng7 {[%clk
00:01:42]} {[%emt 00:00:59]} Nc4 {[%clk 00:11:23]} {[%emt 00:01:00]} 56. Nxf5
{[%clk 00:01:55]} {[%emt 00:00:18]} Nxa3 {[%clk 00:11:47]} {[%emt 00:00:06]}
57. Nd4 {[%clk 00:01:58]} {[%emt 00:00:25]} Nc4 {[%clk 00:06:35]} {[%emt
00:05:43]} 58. Nxc6 {[%clk 00:02:02]} {[%emt 00:00:26]} Nxe3 {[%clk 00:03:30]}
{[%emt 00:03:35]} 59. Nd4 {[%clk 00:01:58]} {[%emt 00:00:35]} 1/2-1/2

[Event "DEM U14 2023"]
[Site "Willingen GER"]
[Date "2023.05.28"]
[Round "2"]
[White "Haug, Havard"]
[Black "Bräutigam, Alexander"]
[Result "1-0"]
[Termination "normal"]
[Board "3"]
[WhiteTitle "CM"]
[WhiteElo "2202"]
[BlackElo "1892"]
[WhiteClock "00:44:19"]
[BlackClock "00:00:50"]
[PlyCount "69"]
[WhiteFideId "1547887"]
[BlackFideId "16245210"]
[EventCountry "GER"]
[EventRounds "9"]
[EventType "swiss"]
[EventDate "2023.05.27"]

1. e4 {[%clk 01:30:53]} c5 {[%clk 01:31:00]} 2. c3 {[%clk 01:31:15]} {[%emt
00:00:14]} d5 {[%clk 01:31:25]} {[%emt 00:00:05]} 3. exd5 {[%clk 01:31:42]}
{[%emt 00:00:03]} Qxd5 {[%clk 01:31:50]} {[%emt 00:00:05]} 4. d4 {[%clk
01:32:06]} {[%emt 00:00:06]} g6 {[%clk 01:32:16]} {[%emt 00:00:04]} 5. Nf3
{[%clk 01:32:25]} {[%emt 00:00:11]} Bg7 {[%clk 01:32:43]} {[%emt 00:00:04]} 6.
Nbd2 {[%clk 01:32:15]} {[%emt 00:00:39]} cxd4 {[%clk 01:26:18]} {[%emt
00:06:55]} 7. Bc4 {[%clk 01:32:32]} {[%emt 00:00:13]} Qc5 {[%clk 01:20:46]}
{[%emt 00:06:01]} 8. Nxd4 {[%clk 01:29:31]} {[%emt 00:03:31]} Nh6 {[%clk
01:16:58]} {[%emt 00:04:18]} 9. Qe2 {[%clk 01:19:45]} {[%emt 00:10:17]} Nf5
{[%clk 01:09:52]} {[%emt 00:07:36]} 10. Ne4 {[%clk 01:11:01]} {[%emt 00:09:14]}
Nxd4 {[%clk 01:08:57]} {[%emt 00:01:25]} 11. Nxc5 {[%clk 01:09:07]} {[%emt
00:02:24]} Nxe2 {[%clk 01:09:19]} {[%emt 00:00:09]} 12. Bxe2 {[%clk 01:09:34]}
{[%emt 00:00:02]} Nd7 {[%clk 01:09:10]} {[%emt 00:00:39]} 13. Bb5 {[%clk
01:04:40]} {[%emt 00:05:24]} a6 {[%clk 01:06:45]} {[%emt 00:02:54]} 14. Bxd7+
{[%clk 01:04:32]} {[%emt 00:00:38]} Bxd7 {[%clk 01:04:40]} {[%emt 00:02:35]}
15. Nxd7 {[%clk 01:03:55]} {[%emt 00:01:07]} Kxd7 {[%clk 01:05:01]} {[%emt
00:00:09]} 16. Be3 {[%clk 01:02:29]} {[%emt 00:01:56]} Kc6 {[%clk 01:03:20]}
{[%emt 00:02:11]} 17. Ke2 {[%clk 01:02:26]} {[%emt 00:00:33]} Rad8 {[%clk
01:03:01]} {[%emt 00:00:49]} 18. Rad1 {[%clk 01:02:34]} {[%emt 00:00:21]} h6
{[%clk 01:02:50]} {[%emt 00:00:42]} 19. b3 {[%clk 00:59:16]} {[%emt 00:03:49]}
Rhe8 {[%clk 00:48:24]} {[%emt 00:14:54]} 20. g4 {[%clk 00:57:16]} {[%emt
00:02:30]} e6 {[%clk 00:41:10]} {[%emt 00:07:45]} 21. c4 {[%clk 00:52:16]}
{[%emt 00:05:31]} Rh8 {[%clk 00:31:36]} {[%emt 00:10:02]} 22. b4 {[%clk
00:49:06]} {[%emt 00:03:41]} g5 {[%clk 00:20:50]} {[%emt 00:11:15]} 23. Rxd8
{[%clk 00:47:09]} {[%emt 00:02:28]} Rxd8 {[%clk 00:21:04]} {[%emt 00:00:15]}
24. h4 {[%clk 00:47:31]} {[%emt 00:00:08]} f6 {[%clk 00:19:10]} {[%emt
00:02:24]} 25. hxg5 {[%clk 00:47:57]} {[%emt 00:00:05]} hxg5 {[%clk 00:17:31]}
{[%emt 00:02:09]} 26. a4 {[%clk 00:46:21]} {[%emt 00:02:06]} Rh8 {[%clk
00:11:32]} {[%emt 00:06:28]} 27. b5+ {[%clk 00:46:11]} {[%emt 00:00:40]} Kc7
{[%clk 00:10:55]} {[%emt 00:01:06]} 28. Rd1 {[%clk 00:46:03]} {[%emt 00:00:40]}
a5 {[%clk 00:08:13]} {[%emt 00:03:11]} 29. c5 {[%clk 00:45:01]} {[%emt
00:01:33]} Re8 {[%clk 00:03:53]} {[%emt 00:04:50]} 30. Bd2 {[%clk 00:44:16]}
{[%emt 00:01:15]} Ra8 {[%clk 00:03:56]} {[%emt 00:00:27]} 31. Rh1 {[%clk
00:44:33]} {[%emt 00:00:13]} Bf8 {[%clk 00:02:56]} {[%emt 00:01:29]} 32. Rh7+
{[%clk 00:44:33]} {[%emt 00:00:30]} Kc8 {[%clk 00:01:50]} {[%emt 00:01:36]} 33.
Bc3 {[%clk 00:44:32]} {[%emt 00:00:32]} e5 {[%clk 00:00:54]} {[%emt 00:01:26]}
34. Kd3 {[%emt 00:00:53]} Kd8 {[%clk 00:00:50]} {[%emt 00:00:03]} 35. Kc4
{[%clk 00:44:19]} {[%emt 00:00:51]} 1-0

[Event "DEM U14 2023"]
[Site "Willingen GER"]
[Date "2023.05.28"]
[Round "2"]
[White "Jahnz, Laurin"]
[Black "Nechitaylo, Nikita"]
[Result "0-1"]
[Termination "normal"]
[Board "4"]
[WhiteElo "1896"]
[BlackElo "2144"]
[WhiteClock "00:20:31"]
[BlackClock "00:46:11"]
[PlyCount "108"]
[WhiteFideId "16261089"]
[BlackFideId "34138161"]
[EventCountry "GER"]
[EventRounds "9"]
[EventType "swiss"]
[EventDate "2023.05.27"]

1. e4 {[%clk 01:30:59]} c5 {[%clk 01:30:55]} {[%emt 00:00:06]} 2. Nf3 {[%clk
01:31:26]} {[%emt 00:00:02]} Nc6 {[%clk 01:31:15]} {[%emt 00:00:11]} 3. c3
{[%clk 01:31:54]} {[%emt 00:00:01]} Nf6 {[%clk 01:31:36]} {[%emt 00:00:09]} 4.
e5 {[%clk 01:32:19]} {[%emt 00:00:05]} Nd5 {[%clk 01:32:01]} {[%emt 00:00:05]}
5. g3 {[%clk 01:31:38]} {[%emt 00:01:10]} d6 {[%clk 01:31:23]} {[%emt
00:01:08]} 6. exd6 {[%clk 01:32:02]} {[%emt 00:00:07]} Qxd6 {[%clk 01:31:34]}
{[%emt 00:00:19]} 7. Bg2 {[%clk 01:32:18]} {[%emt 00:00:14]} g6 {[%clk
01:31:22]} {[%emt 00:00:41]} 8. O-O {[%clk 01:32:16]} {[%emt 00:00:32]} Bg7
{[%clk 01:31:47]} {[%emt 00:00:06]} 9. d4 {[%clk 01:31:13]} {[%emt 00:01:33]}
cxd4 {[%clk 01:32:08]} {[%emt 00:00:10]} 10. Nxd4 {[%clk 01:31:35]} {[%emt
00:00:07]} Nxd4 {[%clk 01:32:17]} {[%emt 00:00:21]} 11. cxd4 {[%clk 01:32:01]}
{[%emt 00:00:03]} O-O {[%clk 01:27:39]} {[%emt 00:05:09]} 12. Nc3 {[%clk
01:28:04]} {[%emt 00:04:27]} Nb6 {[%clk 01:16:43]} {[%emt 00:11:26]} 13. Qe2
{[%clk 01:21:02]} {[%emt 00:07:32]} Be6 {[%clk 01:13:14]} {[%emt 00:03:59]} 14.
d5 {[%clk 01:12:30]} {[%emt 00:09:03]} Nxd5 {[%clk 01:13:05]} {[%emt 00:00:39]}
15. Nxd5 {[%clk 01:12:38]} {[%emt 00:00:21]} Bxd5 {[%clk 01:13:33]} {[%emt
00:00:02]} 16. Bf4 {[%clk 01:08:01]} {[%emt 00:05:06]} Qe6 {[%clk 01:11:52]}
{[%emt 00:02:10]} 17. Qxe6 {[%clk 01:06:13]} {[%emt 00:02:21]} fxe6 {[%clk
01:11:25]} {[%emt 00:00:56]} 18. Rfe1 {[%clk 01:02:56]} {[%emt 00:03:47]} Kf7
{[%clk 01:11:19]} {[%emt 00:00:35]} 19. Be5 {[%clk 01:00:00]} {[%emt 00:03:26]}
Bf6 {[%clk 01:10:08]} {[%emt 00:01:40]} 20. Rac1 {[%clk 00:56:33]} {[%emt
00:03:58]} Rac8 {[%clk 01:07:21]} {[%emt 00:03:17]} 21. Rcd1 {[%clk 00:46:49]}
{[%emt 00:10:15]} Rfd8 {[%clk 01:04:45]} {[%emt 00:03:06]} 22. Bh3 {[%clk
00:45:53]} {[%emt 00:01:26]} Bxa2 {[%clk 01:02:30]} {[%emt 00:02:45]} 23. Ra1
{[%clk 00:41:14]} {[%emt 00:05:09]} Bd5 {[%clk 01:02:53]} {[%emt 00:00:07]} 24.
Bxf6 {[%clk 00:41:39]} {[%emt 00:00:05]} exf6 {[%clk 01:03:14]} {[%emt
00:00:09]} 25. Rxa7 {[%clk 00:42:04]} {[%emt 00:00:05]} Rc2 {[%clk 01:03:31]}
{[%emt 00:00:13]} 26. Rb1 {[%clk 00:34:10]} {[%emt 00:08:24]} Rdc8 {[%clk
01:03:42]} {[%emt 00:00:19]} 27. Raa1 {[%clk 00:32:48]} {[%emt 00:01:52]} Rd2
{[%clk 01:03:08]} {[%emt 00:01:03]} 28. Rd1 {[%clk 00:29:30]} {[%emt 00:03:48]}
Rcc2 {[%clk 01:00:32]} {[%emt 00:03:07]} 29. Rxd2 {[%clk 00:29:19]} {[%emt
00:00:41]} Rxd2 {[%clk 01:01:00]} {[%emt 00:00:02]} 30. Rc1 {[%clk 00:29:17]}
{[%emt 00:00:31]} Rxb2 {[%clk 01:01:05]} {[%emt 00:00:26]} 31. Rc7+ {[%clk
00:29:42]} {[%emt 00:00:05]} Ke8 {[%clk 01:01:30]} {[%emt 00:00:05]} 32. f4
{[%clk 00:27:29]} {[%emt 00:02:43]} Rb1+ {[%clk 01:00:42]} {[%emt 00:01:17]}
33. Kf2 {[%clk 00:27:55]} {[%emt 00:00:04]} Rh1 {[%clk 01:00:22]} {[%emt
00:00:50]} 34. Bf1 {[%clk 00:27:19]} {[%emt 00:01:07]} Rxh2+ {[%clk 00:59:50]}
{[%emt 00:01:02]} 35. Ke3 {[%clk 00:27:46]} {[%emt 00:00:03]} Kd8 {[%clk
00:52:12]} {[%emt 00:08:07]} 36. Rf7 {[%clk 00:27:19]} {[%emt 00:00:57]} e5
{[%clk 00:49:08]} {[%emt 00:03:35]} 37. Rxf6 {[%clk 00:27:24]} {[%emt
00:00:25]} exf4+ {[%clk 00:49:07]} {[%emt 00:00:31]} 38. Rxf4 {[%clk 00:26:41]}
{[%emt 00:01:12]} Ke7 {[%clk 00:48:59]} {[%emt 00:00:36]} 39. Kd4 {[%clk
00:26:28]} {[%emt 00:00:46]} Ke6 {[%clk 00:45:09]} {[%emt 00:04:19]} 40. Rf8
{[%clk 00:25:21]} {[%emt 00:01:37]} Rd2+ {[%clk 00:41:02]} {[%emt 00:04:37]}
41. Kc5 {[%clk 00:25:41]} {[%emt 00:00:11]} Ke7 {[%clk 00:33:54]} {[%emt
00:07:37]} 42. Rf4 {[%clk 00:20:26]} {[%emt 00:05:45]} Kd7 {[%clk 00:26:21]}
{[%emt 00:08:02]} 43. Rh4 {[%clk 00:13:36]} {[%emt 00:07:21]} h5 {[%clk
00:26:06]} {[%emt 00:00:46]} 44. Rf4 {[%clk 00:04:19]} {[%emt 00:09:47]} Kc7
{[%clk 00:24:08]} {[%emt 00:02:28]} 45. Rf6 {[%clk 00:03:56]} {[%emt 00:00:53]}
b6+ {[%clk 00:23:48]} {[%emt 00:00:50]} 46. Kb5 {[%clk 00:29:47]} {[%emt
00:04:38]} Rb2+ {[%clk 00:50:51]} {[%emt 00:03:28]} 47. Ka4 {[%clk 00:30:13]}
{[%emt 00:00:04]} Be4 {[%clk 00:50:31]} {[%emt 00:00:49]} 48. Ka3 {[%clk
00:29:28]} {[%emt 00:01:15]} Rb1 {[%clk 00:50:15]} {[%emt 00:00:45]} 49. Rf4
{[%clk 00:27:36]} {[%emt 00:02:23]} Bd5 {[%clk 00:46:37]} {[%emt 00:04:08]} 50.
Ka4 {[%clk 00:27:02]} {[%emt 00:01:04]} Kc6 {[%clk 00:46:30]} {[%emt 00:00:35]}
51. Rf2 {[%clk 00:19:37]} {[%emt 00:07:57]} b5+ {[%clk 00:45:43]} {[%emt
00:01:18]} 52. Bxb5+ {[%clk 00:19:46]} {[%emt 00:00:21]} Rxb5 {[%clk 00:45:33]}
{[%emt 00:00:39]} 53. Rf6+ {[%clk 00:20:13]} {[%emt 00:00:03]} Kc5 {[%clk
00:45:49]} {[%emt 00:00:14]} 54. Rxg6 {[%clk 00:20:31]} {[%emt 00:00:13]} Rb2
{[%clk 00:46:11]} {[%emt 00:00:08]} 0-1